| 000 | 01178nam a22001457a 4500 | ||
|---|---|---|---|
| 999 |
_c522433 _d522433 |
||
| 008 | 230411b ||||| |||| 00| 0 eng d | ||
| 100 |
_aBalsmeier, B.Fleming, L. and Lück, S. _940042 |
||
| 245 | _aIsolating personal knowledge spillovers: Coinventor deaths and spatial citation differentials | ||
| 260 | _aAmerican Economic Review: Insights | ||
| 300 | _a5(1), Mar, 2023: p.21-34 | ||
| 520 | _aWe propose a new method to estimate and isolate the localization of knowledge spillovers due to the physical presence of a person, using after-application but pre-grant deaths of differently located coinventors of the same patent. The approach estimates the differences in local citations between the deceased and still-living inventors at increasingly distant radii. Patents receive 26 percent fewer citations from within a radius of 20 miles around the deceased, relative to still-living coinventors. Differences attenuate with time and distance, are stronger when still-living coinventors live farther from the deceased, and hold for a subsample of possibly premature deaths.- Reproduced | ||
| 773 | _aAmerican Economic Review: Insights | ||
| 906 | _aECONOMICS | ||
| 942 | _cAR | ||